000 00478nam a2200133Ia 4500
008 260210s9999 xx 000 0 und d
024 _a16B-201-EL, 16B-30-EL, 16B-106-EL & 16B-212-EL
082 _a629.072 SYE
100 _aSyed Saad Ali Zaidi, Muhammad Salik, Taimoor Hassan & Faisal Hasan
245 0 _aAutomated Class Lecture Recording System
260 _aKarachi:
_bUITU,
_c2016
600 _aComputer System Engineering
650 _aBachelor of Engineering (BE)
999 _c32777
_d32777